| Tag |
First Indicator |
Second Indicator |
Subfields |
| LEADER |
00000cam a2200000Mi 4500 |
| 001 |
in00003490913 |
| 005 |
20151206123551.0 |
| 008 |
140910s2014 enka b 000 0 eng d |
| 020 |
|
|
|a 9781906506407
|
| 020 |
|
|
|a 190650640X
|
| 035 |
|
|
|a (OCoLC)ocn882959824
|
| 035 |
|
|
|a (OCoLC)882959824
|
| 040 |
|
|
|a DEBSZ
|b eng
|e rda
|e rakwb
|c DEBSZ
|d MOF
|d IND
|d BDX
|d TXA
|d UtOrBLW
|
| 049 |
|
|
|a TXAM
|
| 050 |
|
4 |
|a N72.T4
|b E4313 2014
|
| 100 |
1 |
|
|a Ellul, Jacques,
|d 1912-1994,
|e author.
|
| 245 |
1 |
4 |
|a The empire of non-sense :
|b art in the technological society /
|c Jacques Ellul ; introductory essays by Samir Younes & David Lovekin ; translated by Michael Johnson & David Lovekin.
|
| 264 |
|
1 |
|a Winterbourne :
|b Papadakis,
|c 2014.
|
| 300 |
|
|
|a 168 pages :
|b illustrations ;
|c 27 cm.
|
| 336 |
|
|
|a text
|b txt
|2 rdacontent
|
| 337 |
|
|
|a unmediated
|b n
|2 rdamedia
|
| 338 |
|
|
|a volume
|b nc
|2 rdacarrier
|
| 500 |
|
|
|a Originally published as L'empire du non-sens: Paris : Presses Universitaires de France, 1980.
|
| 504 |
|
|
|a Includes bibliographical references.
|
| 650 |
|
0 |
|a Art and technology.
|
| 700 |
1 |
|
|a Younés, Samir.
|
| 700 |
1 |
|
|a Lovekin, David.
|
| 700 |
1 |
|
|a Johnson, Michael.
|
| 945 |
|
|
|a PromptCat
|b 938768
|
| 946 |
|
|
|a stk
|
| 947 |
|
|
|a A14840378597
|
| 994 |
|
|
|a C0
|b TXA
|
| 948 |
|
|
|a cataloged
|b h
|c 2014/10/30
|d c
|e jlanham
|f 9:06:54 am
|
| 999 |
|
|
|a MARS
|
| 999 |
f |
f |
|s dafdfcbf-b1d1-3d55-a2cc-17588da62b7c
|i ad89fa76-4ae0-3002-8943-82cc1b89083e
|t 0
|
| 952 |
f |
f |
|p normal
|a Texas A&M University
|b College Station
|c Sterling C. Evans Library
|d Evans: Library Stacks
|t 0
|e N72.T4 E4313 2014
|h Library of Congress classification
|i unmediated -- volume
|m A14840378597
|
| 998 |
f |
f |
|a N72.T4 E4313 2014
|t 0
|l Evans: Library Stacks
|